Shakespeare's Survivors Quiz Stats

Quiz Updated Nov 15, 2011

Challenge
Share
Tweet
Embed
Score 0/10 Timer 04:00
4 Plays Today
Play Character % Correct
Julius CaesarMark Antony
68.4%
OthelloIago
63.5%
HamletHoratio
50.2%
Romeo and JulietFriar Laurence
42.8%
Antony and CleopatraOctavius Caesar
38%
Troilus and CressidaTroilus
27.7%
MacbethMalcolm
25.3%
King LearEdgar
21.8%
Richard IIIQueen Elizabeth
12.7%
Titus AndronicusAaron the Moor
8.9%

You're not logged in!

Compare scores with friends on all Sporcle quizzes.
Join for Free
OR
Log In

You Might Also Like...

Show Comments

Extras

Top Quizzes Today


Score Distribution

Your Account Isn't Verified!

In order to create a playlist on Sporcle, you need to verify the email address you used during registration. Go to your Sporcle Settings to finish the process.

Report this User

Report this user for behavior that violates our Community Guidelines.

Details: